Estrategias de comunicación

Збережено в:
Бібліографічні деталі
Автор: Pérez González, Rafael Alberto (Автор)
Формат: Книга
Мова:Іспанська
Опубліковано: Barcelona Ariel 2008
Редагування:4a. ed
Серія:Ariel Comunicación
Предмети:
Теги: Додати тег
Немає тегів, Будьте першим, хто поставить тег для цього запису!

MARC

LEADER 00000nam a2200000 a 4500
001 UCI9720
003 CL-VaPUC
008 081204e20080000SP |||||||||||||||||spa|d
020 |a 9788434413085 
082 0 4 |a 302.2  |b PER  |2 21 
100 0 |a Pérez González, Rafael Alberto  |e author  |9 533631 
245 1 0 |a Estrategias de comunicación 
250 |a 4a. ed 
300 |a 721 p 
942 |c BK 
945 |d 20081204 00:00:00  |a rbrito 
260 |a Barcelona  |b Ariel  |c 2008 
650 0 |a Comunicación   |9 257251 
650 7 |a COMUNICACION DE MASAS  |2 CL-VaPUC  |9 334823 
650 0 |a Teoría de la comunicación   |9 260752 
583 |a last modification  |c 20081204 00:00:00  |k Rodrigo Vera 
490 0 |a Ariel Comunicación 
999 |c 332202  |d 332200 
952 |0 0  |1 0  |4 0  |6 302_200000000000000_PER_2008  |7 0  |8 A  |9 419683  |a BIBCUR  |b BIBCUR  |d 2019-11-22  |i 4502752  |o 302.2 PER 2008  |p 4502752  |r 2025-04-22  |w 2019-11-22  |y BK  |k PER